000 00421nam a2200181Ia 4500
001 3630
005 20260306145657.0
008 260306t1993||||xx |||||||||||||| ||spa||
041 _aESP
082 _a301
_bA25
100 _aAdorno, Theodor W.
_eAUT
245 0 _aIntroducción a la sociología
260 _c1993
300 _a259 páginas :
_c22 cm.
650 _aGEN
654 _aCHU
942 _cLIB
_dJUS
_fJUS
_2ddc
_n
999 _c3630
_d3630